Analýza vlivu rozšiřování Evropské unie

Česká republika a príprava na vstup do EÚ. Vplyv prístupu nových členských krajín na EÚ. Vplyv na politiku EÚ. Vplyv prístupu nových krajín EÚ na európske inštitúcie. Dôsledky pre životné prostredie, zdravie a bezpečnosť. Štrukturálne fondy. Doprava a ostatné oblasti. Negociačný proces.

Na minha lista:
Detalhes bibliográficos
Autor principal: Bulenová, j.
Formato: Capítulo de Livro
Idioma:tcheco
Assuntos:
Tags: Adicionar Tag
Sem tags, seja o primeiro a adicionar uma tag!

MARC

LEADER 00000naa a2200000 4500
001 r018712
005 20221205102341.2
041 0 |a cze 
044 |a CZ 
245 1 0 |a Analýza vlivu rozšiřování Evropské unie  |c J. Bulenová 
520 |a Česká republika a príprava na vstup do EÚ. Vplyv prístupu nových členských krajín na EÚ. Vplyv na politiku EÚ. Vplyv prístupu nových krajín EÚ na európske inštitúcie. Dôsledky pre životné prostredie, zdravie a bezpečnosť. Štrukturálne fondy. Doprava a ostatné oblasti. Negociačný proces. 
610 2 0 |a integrácia ekonomická medzinárodná 
610 2 0 |a Česko 
610 2 0 |a Európska únia 
610 2 0 |a inštitúcia 
610 2 0 |a produkt domáci hrubý 
610 2 0 |a Európska komisia 
610 2 0 |a Európsky parlament 
610 2 0 |a politika hospodárska 
610 2 0 |a politika poľnohospodárska 
610 2 0 |a doprava 
610 2 0 |a bezpečnosť európska 
610 2 0 |a prostredie životné 
610 2 0 |a zmluvy medzinárodné 
100 1 |a Bulenová, j.